000 00568cam a22002171a 4500
001 he 67001951
003 DLC
005 20260227111450.0
008 831018s1943 is 000 0 hebr
010 _ahe 67001951
035 _a(OCoLC)19165308
040 _aDLC
_cMH
_dOU
_dDLC
042 _apremarc
050 0 0 _aPJ5053.B3434
_bY3
100 1 _aBasskind, S.,
_d1887-1944.
245 1 0 _aYamim noshrim /
_cShaʼul Basḳind.
260 _aTel-Aviv :
_bṾatiḳim,
_cc1943.
300 _a47 p. ;
_c18 cm.
500 _aShort stories.
752 _aIsrael
_dTel Aviv
999 _c32694
_d32694